Fußballclubs der Hauptstädte Europas - Statistics

General Stats
  • This quiz has been taken 103 times
  • The average score is 16 of 40
Answers on the Map
Answers color-coded by a green-red scale on the quiz's map according to % correct below.
 
Answer Stats
Answer % Correct
AC Rom
89%
Real Madrid
83%
Paris Saint-Germain
80%
Hertha BSC
79%
Benfica
73%
Ajax Amsterdam
70%
Rapid Wien
63%
Arsenal
54%
FC København
53%
Legia Warschau
49%
Dynamo Kiew
48%
Sparta
46%
Dinamo Zagreb
43%
AS Monaco
41%
HJK Helsinki
41%
Panathinaikos
40%
Dinamo Minsk
39%
Shamrock Rovers
39%
KR Reykjavík
33%
Slovan Bratislava
33%
Young Boys
33%
CSKA Sofia
31%
FC Vaduz
31%
Olimpija Ljubljana
31%
Roter Stern
31%
AIK
29%
Željezničar Sarajevo
29%
Ferencváros
28%
KF Tirana
28%
FC Prishtina
26%
Steaua / FCSB
26%
Vardar Skopje
26%
Zimbru Chișinău
25%
Vålerenga
24%
Valletta FC
24%
Budućnost Podgorica
21%
FC Santa Coloma
20%
FK Žalgiris
20%
Flora
14%
Skonto
13%
No matching quizzes found
Score Distribution
Percent of People with Each Score
Percentile by Number Answered
Your Score History
You have not taken this quiz